Immo D. Gothofredi, hoc est, Conciliatio legum in speciem pugnantium quas in notis ad Pandectas Juris Civilis D. Gothofredus indicaverat, in Concordiam adduxit D.G.A. Struvius / (Record no. 154337)

MARC details
000 -LEADER
campo de control de longitud fija 00861nam a22001935i 4500
001 - NÚMERO DE CONTROL
campo de control 154337
003 - IDENTIFICADOR DE NÚMERO DE CONTROL
campo de control ES-MaACL
005 - FECHA Y HORA DE LA ÚLTIMA TRANSACCIÓN
campo de control 20230906205657.0
008 - DATOS DE LONGITUD FIJA--INFORMACIÓN GENERAL
campo de control de longitud fija 040707m18211823fr |||| | lat d
040 ## - FUENTE DE CATALOGACIÓN
Centro catalogador/agencia de origen CAM
Lengua de catalogación spa
Centro/agencia transcriptor CAM
100 1# - ENTRADA PRINCIPAL--NOMBRE DE PERSONA
Nombre de persona Godefroy, Denis.
9 (RLIN) 127345
245 10 - MENCIÓN DEL TÍTULO
Título Immo D. Gothofredi, hoc est, Conciliatio legum in speciem pugnantium quas in notis ad Pandectas Juris Civilis D. Gothofredus indicaverat, in Concordiam adduxit D.G.A. Struvius /
Mención de responsabilidad, etc. recensuit P. Pinel-Grandchamp.
250 ## - MENCION DE EDICION
Mención de edición Nova editio accuratius emendata.
260 ## - PUBLICACIÓN, DISTRIBUCIÓN, ETC.
Lugar de publicación, distribución, etc. Parisiis :
Nombre del editor, distribuidor, etc. apud Videcoq, J.L.J. Brière,
Fecha de publicación, distribución, etc. 1821-1823 (
Fabricante de l'imprimerie de A. Bobée)
300 ## - DESCRIPCIÓN FÍSICA
Extensión 3 v. (III, 386 ; 276 ; 202 p.) ;
Dimensiones 20 cm.
630 04 - PUNTO DE ACCESO ADICIONAL DE MATERIA--TÍTULO UNIFORME
Título uniforme Corpus Iuris Civilis.
Nombre de parte o sección de la obra Pandectae-
Subdivisión de forma Concordancias.
9 (RLIN) 135267
700 1# - ENTRADA AGREGADA--NOMBRE PERSONAL
Nombre de persona Pinel-Grandchamp, P.
9 (RLIN) 131169
852 ## - LOCALIZACIÓN
Ubicación ES-MaACL
Número de control de estantería C-2928-30
Nota libre -- Enc. hol.
Holdings
Estatus retirado Estado de pérdida Estado de daño No para préstamo Colección Biblioteca de origen Biblioteca actual Ubicación en estantería Fecha de adquisición Total de préstamos Signatura topográfica completa Código de barras Visto por última vez Precio de reemplazo Tipo de ítem Koha
        Libros del s. XIX Biblioteca del Ateneo de Madrid Biblioteca del Ateneo de Madrid Sala Palomar 17/01/2008   C-2928-30 1161395 23/02/2023 23/02/2023 Libro impreso antiguo